Central Library OPAC University of Rajshahi

Modern constitutions / (Record no. 45755)

MARC details
000 -LEADER
fixed length control field 00672nam a2200241 a 4500
001 - CONTROL NUMBER
control field 45755
003 - CONTROL NUMBER IDENTIFIER
rucl marc code BD-RjUL
005 - DATE AND TIME OF LATEST TRANSACTION
control field 20211209054050.0
008 - FIXED-LENGTH DATA ELEMENTS--GENERAL INFORMATION
fixed length control field 160728r19581951enk 001 0 eng d
035 ## - SYSTEM CONTROL NUMBER
System control number (BD-RjUL)45873
040 ## - CATALOGING SOURCE
Original cataloging agency DLC
Transcribing agency ALL
Modifying agency OCL
-- BD-RjUL
Language of cataloging eng
041 ## - LANGUAGE CODE
Language code of text/sound track or separate title eng
082 ## - DEWEY DECIMAL CLASSIFICATION NUMBER
Edition number 23
Classification number 342
Author mark and year WHM 1958
100 1# - MAIN ENTRY--PERSONAL NAME
Personal name Wheare, K. C.
9 (RLIN) 139962
245 10 - TITLE STATEMENT
Title Modern constitutions /
Statement of responsibility, etc. K.C. Wheare.
250 ## - EDITION STATEMENT
Edition statement 1st ed.
260 ## - PUBLICATION, DISTRIBUTION, ETC. (IMPRINT)
Place of publication, distribution, etc. London :
Name of publisher, distributor, etc. Oxford University Press ,
Date of publication, distribution, etc. 1951 [reprinted 1958].
300 ## - PHYSICAL DESCRIPTION
Pagination vii, 216 p. ;
Size 17 cm.
504 ## - BIBLIOGRAPHY, ETC. NOTE
Bibliography, etc Includes index.
650 #0 - SUBJECT ADDED ENTRY--TOPICAL TERM
Topical term or geographic name as entry element Constitutional law.
9 (RLIN) 139963
Topical term or geographic name as entry element Constitutions.
9 (RLIN) 121756
942 ## - ADDED ENTRY ELEMENTS (KOHA)
Source of classification or shelving scheme Dewey Decimal Classification
Koha item type Books
Holdings
Lost status Source of classification or shelving scheme Damaged status Not for loan Collection code Permanent Location Current Location Shelving location Date acquired Source of acquisition Total Checkouts Full call number Date last seen Copy number Koha item type Cost, normal purchase price
  Dewey Decimal Classification     Non-fiction Central Library, University of Rajshahi Central Library, University of Rajshahi   11/08/1976 International Development Research Center   342 WHM 1958 28/07/2016 C-2 Books  
  Dewey Decimal Classification     Non-fiction Central Library, University of Rajshahi Central Library, University of Rajshahi   06/06/1964 Zeitlinger   342 WHM 1962 28/07/2016 C-3 Books 10.60
  Dewey Decimal Classification     Non-fiction Central Library, University of Rajshahi Central Library, University of Rajshahi   06/06/1964 Zeitlinger   342 WHM 1962 28/07/2016 C-4 Books 10.60
  Dewey Decimal Classification     Non-fiction Central Library, University of Rajshahi Central Library, University of Rajshahi   06/06/1964 Zeitlinger   342 WHM 1952 30/07/2016 C-5 Books 10.60